| 000 | 01908nam a2200385 a 4500 | ||
|---|---|---|---|
| 005 | 20200104041755.0 | ||
| 008 | 170405s2016 ck abo||r|||| 00| 0 spa d | ||
| 020 | _a9789587169805 | ||
| 040 |
_aCO-BoIAVH _cCO-BoIAVH |
||
| 041 | 0 | _aspa | |
| 044 | _ack | ||
| 082 | 0 | 4 |
_a598.2 _bR41l1 |
| 100 | 1 |
_aRenjifo-Martínez, Luis Miguel _eautor |
|
| 245 | 1 | 0 |
_aLibro rojo de aves de Colombia : _bVolumen II. Ecosistemas abiertos, secos, insulares, acuáticos continentales, marinos, tierras altas del Darién y Sierra Nevada de Santa Marta y bosques húmedos del centro, norte y oriente del país / _cLuis Miguel Renjifo [y otros 3] |
| 250 | _aPrimera edición | ||
| 260 |
_aBogotá (Colombia) : _bEditorial Pontificia Universidad Javeriana : _bInstituto de Investigación de Recursos Biológicos Alexander von Humboldt, _c2016. |
||
| 300 |
_a563 páginas : _bilustraciones a color, mapas y fotografías a color ; _c25 x 19 cm. |
||
| 500 | _aIncluye índices de nombres científicos por especie y índices de nombres comunes en español e inglés. | ||
| 504 | _aIncluye referencias bibliográficas: páginas 493 - 545. | ||
| 505 | 0 | _aEspecies extintas. | |
| 505 | 0 | _aEspecies amenazadas. | |
| 505 | 0 | _aEspecies casi amenazadas. | |
| 505 | 0 | _aEspecies con datos insuficientes. | |
| 650 | 2 | 6 |
_aAves _xDistribución geográfica _zColombia |
| 650 | 2 | 6 | _aOrnitología |
| 650 | 2 | 6 |
_aEspecies en peligro de extinción _zColombia |
| 650 | 2 | 6 |
_aAves _xConservación _zColombia |
| 650 | 2 | 6 | _aEcología animal |
| 700 | 1 |
_aAmaya-Villarreal, Angela María _eautora |
|
| 700 | 1 |
_aBurbano-Girón, Jaime Iván _eautor |
|
| 700 | 1 |
_aVelásquez-Tibatá, Jorge Iván _eautor |
|
| 710 | 2 | _aPontificia Universidad Javeriana | |
| 710 | 2 | _aInstituto de Investigación de Recursos Biológicos Alexander von Humboldt | |
| 942 |
_2ddc _cLIBRO _01 |
||
| 999 |
_c19460 _d19460 |
||